Представление документа в формате RUSMARC

ПолеНазваниеЗначение
  Тип записи a
  Библиографический уровень m
001 Контрольный номер RU/REG73/CBS_GRAD/1/712798359
005 Дата корректировки 20221122154846.2
010 Индекс ISBN __
a ISBN 978-5-91671-839-3
101 Язык документа __
a Язык текста rus
200 Заглавие и сведения об ответственности __
a Заглавие Руководство астронавта по жизни на Земле.
e Сведения, относящиеся к заглавию Чему научили меня 4000 часов на орбите.
f Первые сведения об ответственности Кристофер Хэдфилд; перевод с английского
b Общее обозначение материала Текст
203 Вид содержания и тип средства __
a Вид содержания Текст (визуальный) : непосредственный
210 Выходные данные __
a Место издания Москва
c Издательство Альпина нон фикшн
d Дата издания 2019
215 Физическое описание __
a Объем 324 с.
686 Индексы других классификаций __
a Классификационный индекс 39.6
700 Автор __
a Фамилия Хэдфилд
b Имя (инициалы) К.
801 Источник записи _0
a Страна RU
b Организация RuCBSGrad
g Правила каталогизации PSBO
801 Источник записи _1
a Страна RU
b Организация RuCBSGrad
g Правила каталогизации PSBO
901 Тип документа __
t Тип документа m
981 __
b i
2 isbdcontent
g e
982 __
b n
2 isbdmedia
993 __
a 145522
b 41328
e 288430
f ЦГБ
h 415.00
i 288430
m 1
n 44775
o I
x 1
y 6